| 000 | 004300000a22001330004500 | ||
|---|---|---|---|
| 090 |
_aAR _b04139 |
||
| 245 | 1 | 0 | _aSpatial and temporal co-occurrence of competitors in southern African dung beetle communities |
| 041 | 0 | _aInglés | |
| 500 | _a<Literatura de escarabajos coprófagos> | ||
| 700 | 1 |
_aDoube, Bernard M. _998039 |
|
| 100 | 1 |
_aGil Ler, Paul S. _998048 |
|
| 942 | _cARTICULO | ||
| 773 | 1 |
_tJournal of animal _q629-643 _d1994 _g63 |
|
| 999 |
_c13237 _d13237 |
||